书目信息 |
| 题名: |
概率论与数理统计辅导讲案
|
|
| 作者: | 赵选民 编 | |
| 分册: | ||
| 出版信息: | 西安 西北工业大学出版社 2007.08 |
|
| 页数: | 357页 | |
| 开本: | 21cm | |
| 丛书名: | 精品课程·名师讲堂丛书 | |
| 单 册: | ||
| 中图分类: | O21 | |
| 科图分类: | ||
| 主题词: | 数理统计--shu li tong ji--高等学校--教学参考资料 , 概率论--gai lu lun--高等学校--教学参考资料 | |
| 电子资源: | ||
| ISBN: | 978-7-5612-2232-4 | |
| 000 | 01291nam 2200289 450 | |
| 001 | 012008580625 | |
| 005 | 20080414095420.26 | |
| 010 | @a978-7-5612-2232-4@dCNY16.00 | |
| 100 | @a20080414d2007 em y0chiy0120 ea | |
| 101 | 0 | @achi |
| 102 | @aCN@b610000 | |
| 105 | @aak a 000yy | |
| 106 | @ar | |
| 200 | 1 | @a概率论与数理统计辅导讲案@Agai lu lun yu shu li tong ji fu dao jiang an@e主讲教材《概率论与数理统计》(浙大·第三版)@f赵选民编@Fzhao xuan min bian |
| 210 | @a西安@c西北工业大学出版社@d2007.08 | |
| 215 | @a357页@c图@d21cm | |
| 225 | 2 | @a精品课程·名师讲堂丛书@Ajing pin ke cheng·ming shi jiang tang cong shu |
| 320 | @a有书目 (第357页) | |
| 330 | @a全书分为12讲,内容包括随机事件及其概率,随机变量及其概率分布,随机变量的数字特征,极限理论,样本及抽样分布,参数估计,假设检验,方差分析与回归分析,随机过程的基本知识,马尔可夫链,平稳随机过程等。 | |
| 410 | 0 | @12001 @a精品课程·名师讲堂丛书 |
| 517 | 1 | @a主讲教材《概率论与数理统计》(浙大·第三版)@Azhu jiang jiao cai《gai lu lun yu shu li tong ji》(zhe da·di san ban) |
| 606 | 0 | @a数理统计@Ashu li tong ji@x高等学校@j教学参考资料 |
| 606 | 0 | @a概率论@Agai lu lun@x高等学校@j教学参考资料 |
| 690 | @aO21@v4 | |
| 701 | 0 | @a赵选民@Azhao xuan min@4编 |
| 801 | 0 | @aCN@bQSSK@c20080414 |
| 905 | @b291162-64@dO21@eZ334@f3 | |
| 概率论与数理统计辅导讲案:主讲教材《概率论与数理统计》(浙大·第三版)/赵选民编.-西安:西北工业大学出版社,2007.08 |
| 357页:图;21cm.-(精品课程·名师讲堂丛书) |
| ISBN 978-7-5612-2232-4:CNY16.00 |
| 全书分为12讲,内容包括随机事件及其概率,随机变量及其概率分布,随机变量的数字特征,极限理论,样本及抽样分布,参数估计,假设检验,方差分析与回归分析,随机过程的基本知识,马尔可夫链,平稳随机过程等。 |
| ● |
| 相关链接 |
|
|
|
正题名:概率论与数理统计辅导讲案
索取号:O21/Z334
 
预约/预借
| 序号 | 登录号 | 条形码 | 馆藏地/架位号 | 状态 | 备注 |
| 1 | 291162 | 202911625 | 自科库401/401自科库 47排1列4层/ [索取号:O21/Z334] | 在馆 | |
| 2 | 291163 | 202911634 | 自科库401/401自科库 47排1列4层/ [索取号:O21/Z334] | 在馆 | |
| 3 | 291164 | 202911643 | 自科库401/401自科库 47排1列4层/ [索取号:O21/Z334] | 在馆 |